000 01362nam a2200397 i 4500
001 450
003 KOSZ 005
005 20200127085820.0
008 040519s1975 pl a f f |000 0 pol
040 _aWA N
_cWA N
_dKOSZ005/HR
041 0 _apol
046 _k1973
080 _a539.3/.6
080 _a(075.8+076)
100 1 _aLisowski, Aleksander
_d(1919-1976)
_eAutor
245 1 0 _aWytrzymałość materiałów :
_bprzykłady obliczeń : zadania /
_cAleksander Lisowski, Adam Siemieniec.
250 _aWyd. 2.
260 _aWarszawa ;
_aŁódź :
_bPaństwowe Wydawnictwo Naukowe,
_c1975.
300 _a454, [5] s. :
_bil., tab., wykr. ;
_c24 cm.
336 _2rdacontent
_aTekst
_btxt
337 _2rdamedia
_aBez urządzenia pośredniczącego
_bn
338 _2rdacarrier
_aWolumin
_bnc
380 _aKsiążki
380 _aPublikacje dydaktyczne
385 _mPoziom nauczania
_aSzkoły wyższe
388 _a1901-2000
388 _a1945-1989
504 _aBibliogr.
658 _aFizyka i astronomia
658 _aInżynieria i technika
655 4 _aĆwiczenia i zadania dla szkół wyższych
650 4 _aWytrzymałość materiałów
700 1 _aSiemieniec, Adam
_d(1929-2011)
_eAutor
856 _uhttp://koha.tu.koszalin.pl/cgi-bin/koha/opac-detail.pl?biblionumber=450
_yKatalog online BPK
942 _2UKD
_cKS
999 _c450
_d450